[Event "Tradewise Gibraltar Chess Festival 2012 "]
[Site "?"]
[Date "2012.01.24"]
[Round "2.32"]
[White "Carlsten, Peter"]
[Black "Baumgartner, Christopher"]
[Result "1-0"]
[WhiteElo "2030"]
[BlackElo "1868"]
[PlyCount "119"]
[EventDate "2012.01.23"]

1. e4 c5 2. Nf3 e6 3. d4 cxd4 4. Nxd4 a6 5. Nc3 b5 6. Bd3 Qb6 7. Nb3 Nc6 8. Be3
Qb8 9. O-O Nf6 10. Kh1 Be7 11. f4 d6 12. Qe2 O-O 13. Rae1 Bb7 14. Bg1 Nb4 15.
Na5 Nxd3 16. cxd3 Bd8 17. Nxb7 Qxb7 18. e5 dxe5 19. fxe5 Nd5 20. Ne4 Bh4 21.
Rd1 Qc7 22. Bc5 Be7 23. d4 Bxc5 24. Nxc5 Qe7 25. Rf3 Ra7 26. Qd2 a5 27. Rh3 f6
28. Qd3 g6 29. Qxb5 fxe5 30. dxe5 Nf4 31. Rg3 Rd8 32. Rf1 Rd5 33. Qb8+ Kg7 34.
Ne4 Rb7 35. Qc8 Rxe5 36. Qc3 Qc7 37. Rxf4 Qxc3 38. Rxc3 Rxb2 39. Rc7+ Kh6 40.
Rh4+ Rh5 41. Rxh5+ gxh5 42. Nc3 Rc2 43. Kg1 Kg6 44. a4 h6 45. Nb5 Ra2 46. Rc4
e5 47. Na7 Kf5 48. Nc6 e4 49. Nxa5 e3 50. Nb3 Ra3 51. Nd4+ Ke5 52. Nc2 Rb3 53.
Kf1 Kd5 54. Rc8 Ke4 55. Ke2 Rb2 56. Rc3 Kf4 57. Rc4+ Ke5 58. Kxe3 Rb3+ 59. Kd2
Kd5 60. Rh4 1-0

[Event "Tradewise Gibraltar Chess Festival 2012 "]
[Site "?"]
[Date "2012.01.24"]
[Round "2.33"]
[White "Hansen, Henrik Damgaard"]
[Black "Campos Calvo-Sotelo, Juan"]
[Result "0-1"]
[WhiteElo "1859"]
[BlackElo "2028"]
[PlyCount "60"]
[EventDate "2012.01.23"]

1. e4 e6 2. d4 a6 3. Nf3 b5 4. a3 c5 5. c3 Nf6 6. Bd3 Bb7 7. Qe2 Nc6 8. e5 Nd5
9. O-O cxd4 10. cxd4 Qb6 11. Be3 Be7 12. Nc3 Nxe3 13. fxe3 Rc8 14. Ne4 h6 15.
Nfd2 Na5 16. Qh5 g6 17. Qf3 Rf8 18. Qg3 Nc4 19. b4 Nxd2 20. Nxd2 Rc3 21. Bxg6
fxg6 22. Qxg6+ Kd8 23. Qxh6 Rg8 24. Nf3 Qc6 25. Qh7 Rf8 26. Qg6 Rxe3 27. Nd2
Rxf1+ 28. Rxf1 Re2 29. Nf3 Qc3 30. Qh6 Qxd4+ 0-1

[Event "Tradewise Gibraltar Chess Festival 2012 "]
[Site "?"]
[Date "2012.01.24"]
[Round "2.36"]
[White "Reutimann, Hans Peter"]
[Black "Salomon, Johan"]
[Result "1/2-1/2"]
[WhiteElo "1823"]
[BlackElo "2002"]
[PlyCount "79"]
[EventDate "2012.01.23"]

1. d4 Nf6 2. Nf3 g6 3. Bf4 Bg7 4. e3 O-O 5. Nbd2 d6 6. Bc4 Nbd7 7. c3 Nh5 8.
Bg5 Qe8 9. O-O e5 10. Qc2 h6 11. Bh4 Kh8 12. Rad1 f5 13. dxe5 dxe5 14. Rfe1 c5
15. e4 f4 16. Bb5 g5 17. Bxg5 hxg5 18. Nxg5 Qg6 19. Ndf3 Nb6 20. Rd2 a6 21.
Red1 axb5 22. Rd6 Qe8 23. Rxb6 Ra6 24. Rxa6 bxa6 25. Rd6 Qe7 26. Qd1 Bg4 27.
Qd5 Bxf3 28. Nxf3 Nf6 29. Qxc5 Rd8 30. Nxe5 Rxd6 31. Qxd6 Qxd6 32. Nf7+ Kg8 33.
Nxd6 Bf8 34. e5 Ng4 35. Ne8 Nxe5 36. Nc7 Nd3 37. Nxa6 Bd6 38. b3 Nc1 39. c4
bxc4 40. bxc4 1/2-1/2

[Event "Tradewise Gibraltar Chess Festival 2012 "]
[Site "?"]
[Date "2012.01.24"]
[Round "2.37"]
[White "Cohen, Lawrence S"]
[Black "Riiser, Samuel"]
[Result "1/2-1/2"]
[WhiteElo "1971"]
[BlackElo "1827"]
[PlyCount "70"]
[EventDate "2012.01.23"]

1. c4 e5 2. g3 g6 3. Nc3 Nc6 4. Bg2 Bg7 5. e3 Nge7 6. Nge2 O-O 7. O-O f5 8. d4
d6 9. d5 Nb8 10. Bd2 Bd7 11. Rc1 Na6 12. Be1 g5 13. f3 Ng6 14. a3 f4 15. e4 h5
16. gxf4 gxf4 17. Kh1 Kh7 18. Bf2 Bf6 19. b4 Qc8 20. Ng1 Nh4 21. Bxh4 Bxh4 22.
Rc2 b6 23. Qe2 Rg8 24. Ra1 Be7 25. Raa2 h4 26. Qf1 Rg6 27. h3 Nb8 28. b5 a6 29.
a4 Be8 30. Nd1 Nd7 31. Nf2 Nf6 32. Ng4 Nh5 33. Kh2 Ng3 34. Qd3 Bd7 35. Rf2 a5
1/2-1/2

[Event "Tradewise Gibraltar Chess Festival 2012 "]
[Site "?"]
[Date "2012.01.24"]
[Round "2.38"]
[White "Lochte, Szilvia"]
[Black "Bishop, Geoffrey L"]
[Result "1-0"]
[WhiteElo "1956"]
[BlackElo "1811"]
[PlyCount "67"]
[EventDate "2012.01.23"]

1. d4 Nf6 2. Bf4 e6 3. e3 d5 4. Nf3 c5 5. c3 Nc6 6. Nbd2 cxd4 7. exd4 Be7 8. h3
O-O 9. Bd3 Qb6 10. Rb1 Bd7 11. O-O Rac8 12. Ne5 Rfd8 13. Re1 g6 14. Qf3 Be8 15.
Nxc6 bxc6 16. Bg5 Kg7 17. Qf4 Qc7 18. Ba6 Nh5 19. Bh6+ Kg8 20. Qf3 Rb8 21. g4
Nf6 22. Bf4 Qa5 23. Bxb8 Rxb8 24. Qf4 Nd7 25. Bf1 Qxa2 26. b4 a5 27. Ra1 Qb2
28. bxa5 Qxc3 29. Rec1 Qb4 30. Rxc6 e5 31. Qe3 exd4 32. Qe2 d3 33. Qe3 d4 34.
Qe1 1-0

[Event "Tradewise Gibraltar Chess Festival 2012 "]
[Site "?"]
[Date "2012.01.24"]
[Round "2.42"]
[White "Dimitrijevic, Dragan"]
[Black "Haddock, Paul"]
[Result "1-0"]
[WhiteElo "1937"]
[BlackElo "1688"]
[PlyCount "79"]
[EventDate "2012.01.23"]

1. d4 Nf6 2. Nf3 d5 3. c4 e6 4. Nc3 Bb4 5. Bg5 h6 6. Bxf6 Qxf6 7. Rc1 Nc6 8. e3
O-O 9. a3 Bxc3+ 10. Rxc3 Bd7 11. Qc2 Rfe8 12. Be2 Rac8 13. O-O Qe7 14. e4 dxe4
15. Qxe4 e5 16. dxe5 Nxe5 17. Qxb7 Bc6 18. Qxa7 Ng4 19. Bd1 Red8 20. Nd4 Qd6
21. Bxg4 Ra8 22. Nf5 Rxa7 23. Nxd6 Rxd6 24. Rd1 Rxd1+ 25. Bxd1 Rb7 26. b4 Rb8
27. Bf3 Bd7 28. c5 Re8 29. h3 Kf8 30. Kh2 Re1 31. Rd3 Bb5 32. Rd8+ Ke7 33. Rb8
c6 34. Rb6 Ra1 35. Bxc6 Bxc6 36. Rxc6 Rxa3 37. b5 Kd7 38. Rd6+ Kc7 39. b6+ Kb7
40. Rd7+ 1-0

[Event "Tradewise Gibraltar Chess Festival 2012 "]
[Site "?"]
[Date "2012.01.25"]
[Round "3.1"]
[White "Hagen, Anders Gjerdrum"]
[Black "Vea, Odin Bilkra"]
[Result "0-1"]
[WhiteElo "2139"]
[BlackElo "2233"]
[PlyCount "128"]
[EventDate "2012.??.??"]

1. d4 c5 2. d5 e5 3. e4 d6 4. Bd3 a6 5. c4 g6 6. Nc3 Bh6 7. Bxh6 Nxh6 8. Qd2
Ng4 9. f3 Nf6 10. Nge2 Nbd7 11. g3 O-O 12. g4 Kg7 13. Ng3 Ng8 14. h4 Qf6 15.
Qg2 Re8 16. O-O-O Kf8 17. Rdf1 Ke7 18. Qd2 Kd8 19. h5 Qf4 20. hxg6 hxg6 21.
Nge2 Qxd2+ 22. Kxd2 Ke7 23. g5 f6 24. Rh7+ Kf8 25. Rg1 Re7 26. Rh2 Rf7 27. Ke3
fxg5 28. Rxg5 Ne7 29. Nc1 Kg7 30. Bf1 Nb6 31. b3 Bd7 32. Nd3 Raf8 33. Bg2 Bc8
34. Ne2 Nd7 35. Rg3 Nf6 36. Rh1 b6 37. Nc3 Bd7 38. Bf1 Nh7 39. Bh3 Be8 40. Be6
Rf6 41. Ne2 b5 42. f4 exf4+ 43. Nexf4 g5 44. Ne2 Bf7 45. Bg4 Ng6 46. Bf5 Re8
47. Kd2 Ngf8 48. Rgh3 Bg6 49. Ng3 g4 50. Nh5+ Kf7 51. Nxf6 Nxf6 52. Bxg6+ Nxg6
53. R3h2 Rxe4 54. Rf1 Kg7 55. Kc3 g3 56. Rg2 Rg4 57. Rf3 Ne4+ 58. Kc2 Nh4 59.
Ne1 Nxg2 60. Nxg2 bxc4 61. bxc4 Ng5 62. Rc3 Nf7 63. Kb3 Ne5 64. Ne3 g2 0-1

[Event "Tradewise Gibraltar Chess Festival 2012 "]
[Site "?"]
[Date "2012.01.25"]
[Round "3.2"]
[White "Benmesbah, Natacha"]
[Black "Ranaivoharisoa, Alain"]
[Result "1/2-1/2"]
[WhiteElo "2228"]
[BlackElo "2135"]
[PlyCount "150"]
[EventDate "2012.??.??"]

1. e4 c5 2. b3 Nc6 3. Bb2 e6 4. Nf3 d6 5. Bb5 Bd7 6. O-O Nf6 7. Re1 Be7 8. d3
O-O 9. Bxc6 Bxc6 10. e5 Nd7 11. exd6 Bxd6 12. Nbd2 b5 13. Ne5 Nxe5 14. Bxe5 Qg5
15. Bg3 Bxg3 16. hxg3 Rad8 17. Qe2 Ba8 18. Nf3 Qe7 19. a4 b4 20. Qe3 Rd5 21.
Qf4 f6 22. g4 e5 23. Qg3 Kh8 24. Re2 Bb7 25. Rae1 Qf7 26. g5 Rdd8 27. Re3 Qh5
28. Re4 Bxe4 29. Rxe4 Rd4 30. Nxd4 cxd4 31. Rg4 Qe8 32. Rh4 Qg6 33. Re4 Re8 34.
Kh2 Qxg5 35. Qxg5 fxg5 36. Kg3 g6 37. Kg4 h6 38. g3 Kg7 39. f4 gxf4 40. gxf4
Kf6 41. fxe5+ Rxe5 42. Rxd4 h5+ 43. Kf3 Rc5 44. Rxb4 Rxc2 45. Rb7 a5 46. Rb6+
Kg7 47. d4 Rd2 48. Ke3 Rd1 49. b4 axb4 50. Rxb4 h4 51. d5 g5 52. Kf3 Kf6 53.
Kg4 Rxd5 54. Rb6+ Ke7 55. Rb4 Kd6 56. Rb6+ Kc5 57. Rb5+ Kc4 58. Rb6 Ra5 59. Rd6
Kb3 60. Rc6 Kxa4 61. Rb6 Rb5 62. Rc6 Kb4 63. Rc8 Rc5 64. Rd8 Kc4 65. Rd7 Rd5
66. Rc7+ Kd4 67. Ra7 Ke4 68. Ra4+ Ke3 69. Ra2 Re5 70. Rb2 Rd5 71. Ra2 Rb5 72.
Rc2 Rb4+ 73. Kxg5 Kf3 74. Rc3+ Kg2 75. Rc2+ Kg3 1/2-1/2

[Event "Tradewise Gibraltar Chess Festival 2012 "]
[Site "?"]
[Date "2012.01.25"]
[Round "3.3"]
[White "Diaz Velandia, Jose Manuel"]
[Black "Pettersson, Anders"]
[Result "0-1"]
[WhiteElo "2136"]
[BlackElo "2219"]
[PlyCount "92"]
[EventDate "2012.01.23"]

1. d4 d5 2. Nf3 Nf6 3. e3 e6 4. Bd3 Nbd7 5. Nbd2 c6 6. O-O Bd6 7. e4 dxe4 8.
Nxe4 Nxe4 9. Bxe4 Nf6 10. Bg5 h6 11. Bxf6 Qxf6 12. c3 O-O 13. Re1 Rd8 14. Qe2
Bd7 15. Ne5 c5 16. Bxb7 Rab8 17. Bc6 Bxe5 18. dxe5 Qg5 19. Be4 Bb5 20. c4 Rd2
21. Qf1 Be8 22. f4 Qd8 23. b3 Qd4+ 24. Kh1 g6 25. Qf3 Rd8 26. h4 h5 27. Qe3 Qb2
28. Qxc5 R2d4 29. Qe7 Qf2 30. Qg5 Rxe4 31. Rxe4 Rd3 32. Rae1 Bc6 33. R4e3 Rxe3
34. Rxe3 Qxe3 35. Kh2 Qe2 36. a3 Qc2 37. f5 Qxf5 38. Qxf5 exf5 39. Kg3 Kf8 40.
b4 a6 41. Kf4 Ke7 42. Ke3 Ke6 43. Kd4 Bxg2 44. b5 f4 45. a4 g5 46. c5 gxh4 0-1

[Event "Tradewise Gibraltar Chess Festival 2012 "]
[Site "?"]
[Date "2012.01.25"]
[Round "3.4"]
[White "Rodriguez Boado, Martin"]
[Black "Mihajlov, Svetoslav"]
[Result "1-0"]
[WhiteElo "2164"]
[BlackElo "2101"]
[PlyCount "49"]
[EventDate "2012.01.23"]

1. e4 e5 2. Nf3 Nc6 3. d4 exd4 4. Bc4 d6 5. Nxd4 g6 6. O-O Bg7 7. Nxc6 bxc6 8.
f4 Be6 9. Bb3 Nf6 10. f5 Bxb3 11. axb3 Nd7 12. Ra6 O-O 13. Rxc6 Re8 14. Nc3 Nc5
15. fxg6 hxg6 16. Qd5 Ne6 17. Ne2 Qd7 18. c3 a5 19. Nf4 Nf8 20. Qc4 Rac8 21.
Nd5 Ne6 22. Bh6 Nc5 23. Bxg7 Qxc6 24. Bd4 Qa6 25. Nf6+ 1-0

[Event "Tradewise Gibraltar Chess Festival 2012 "]
[Site "?"]
[Date "2012.01.25"]
[Round "3.5"]
[White "Jaunooby, Ali R"]
[Black "Uran Bermudez, Olive Kevin"]
[Result "0-1"]
[WhiteElo "2146"]
[BlackElo "2099"]
[PlyCount "92"]
[EventDate "2012.01.23"]

1. d4 d5 2. c4 c6 3. Nf3 Nf6 4. Nc3 e6 5. Bg5 dxc4 6. e4 b5 7. e5 h6 8. Bh4 g5
9. Nxg5 Nd5 10. Nxf7 Qxh4 11. Nxh8 Bb4 12. Rc1 Qe4+ 13. Be2 Nf4 14. Qd2 Nd3+
15. Kf1 Nxc1 16. Bh5+ Kd8 17. Nf7+ Kc7 18. Nxe4 Bxd2 19. Nxd2 Nxa2 20. Ne4 a5
21. Ke2 a4 22. Ra1 Nb4 23. Kd2 Nd3 24. Kc2 Na6 25. Nxh6 Nab4+ 26. Kb1 c5 27.
Nd6 Bd7 28. dxc5 Nxc5 29. Bd1 Nbd3 30. Ng4 Nb3 31. Ra2 Nb4 32. Ra3 Be8 33.
Nxe8+ Rxe8 34. h4 Rd8 35. Ne3 Rd2 36. h5 Nd3 37. Bc2 Ne1 38. Bg6 Nxg2 39. Nc2
Rd1+ 40. Ka2 Ne1 41. Rxa4 bxa4 42. Ka3 Nxc2+ 43. Bxc2 Rh1 44. Bg6 Nc5 45. Kb4
Nd3+ 46. Kxc4 Nxe5+ 0-1

[Event "Tradewise Gibraltar Chess Festival 2012 "]
[Site "?"]
[Date "2012.01.25"]
[Round "3.6"]
[White "Eriksen, Magnus"]
[Black "Allor, Chukwuka"]
[Result "1/2-1/2"]
[WhiteElo "2076"]
[BlackElo "2145"]
[PlyCount "42"]
[EventDate "2012.01.23"]

1. d4 Nf6 2. Nf3 g6 3. Nc3 d5 4. Bf4 Bg7 5. e3 O-O 6. Be2 c5 7. Ne5 Nc6 8. O-O
cxd4 9. exd4 Qb6 10. Nxc6 Qxc6 11. Bb5 Qb6 12. a4 a6 13. a5 Qd8 14. Be2 Bd7 15.
Be5 Bc6 16. Bf3 Re8 17. Re1 e6 18. Qd2 Bf8 19. Na4 Bxa4 20. Rxa4 Nd7 21. Bf4
Qc8 1/2-1/2

[Event "Tradewise Gibraltar Chess Festival 2012 "]
[Site "?"]
[Date "2012.01.25"]
[Round "3.7"]
[White "Havik, Victor"]
[Black "Severijnen, Arjon"]
[Result "1-0"]
[WhiteElo "2066"]
[BlackElo "2140"]
[PlyCount "59"]
[EventDate "2012.01.23"]

1. d4 Nf6 2. c4 g6 3. Nc3 Bg7 4. e4 d6 5. Nf3 O-O 6. Be2 e5 7. O-O Nc6 8. d5
Ne7 9. Nd2 Ne8 10. b4 f5 11. f3 f4 12. c5 g5 13. Nc4 Ng6 14. Bd2 Rf7 15. cxd6
cxd6 16. Be1 Bf8 17. a4 Nf6 18. Bf2 h5 19. Nb5 g4 20. Nxa7 g3 21. Bb6 gxh2+ 22.
Kh1 Qe7 23. Rc1 Nh4 24. Bf2 Nd7 25. Nxd6 Rg7 26. Bxh4 Qxd6 27. Nxc8 Qg6 28. Rf2
Bxb4 29. d6 Kh7 30. Bb5 1-0

[Event "Tradewise Gibraltar Chess Festival 2012 "]
[Site "?"]
[Date "2012.01.25"]
[Round "3.8"]
[White "Rowe, Duane"]
[Black "Dasaolu, Adeoye"]
[Result "1-0"]
[WhiteElo "2236"]
[BlackElo "2107"]
[PlyCount "33"]
[EventDate "2012.01.23"]

1. e4 d5 2. exd5 Qxd5 3. Nc3 Qd6 4. Be2 c5 5. Nf3 Nf6 6. O-O Nc6 7. d4 e6 8.
Nb5 Qb8 9. g3 cxd4 10. Bf4 e5 11. Nxe5 Nxe5 12. Qxd4 Nfd7 13. Bg4 f6 14. Rfe1
h5 15. Bxd7+ Bxd7 16. Bxe5 fxe5 17. Rxe5+ 1-0

[Event "Tradewise Gibraltar Chess Festival 2012 "]
[Site "?"]
[Date "2012.01.25"]
[Round "3.9"]
[White "Tavares, Shawn P"]
[Black "Mihajlov, Sebastian"]
[Result "1/2-1/2"]
[WhiteElo "2218"]
[BlackElo "1974"]
[PlyCount "45"]
[EventDate "2012.01.23"]

1. Nf3 Nf6 2. d4 d5 3. g3 c6 4. Bg2 e6 5. c4 dxc4 6. Ne5 Nbd7 7. Nxc4 Nb6 8.
Ne5 c5 9. e3 cxd4 10. exd4 Bb4+ 11. Nc3 O-O 12. O-O Nbd5 13. Qd3 h6 14. Bd2 Bd6
15. Rfd1 a6 16. Qc4 b5 17. Qc6 Rb8 18. Nxd5 Nxd5 19. Rac1 Bb7 20. Qd7 Bxe5 21.
Qxd8 Rfxd8 22. dxe5 Nb6 23. Ba5 1/2-1/2

[Event "Tradewise Gibraltar Chess Festival 2012 "]
[Site "?"]
[Date "2012.01.25"]
[Round "3.11"]
[White "Attwood, James"]
[Black "James, David"]
[Result "1/2-1/2"]
[WhiteElo "2072"]
[BlackElo "2153"]
[PlyCount "80"]
[EventDate "2012.01.23"]

1. d4 Nf6 2. c4 e6 3. g3 d5 4. Bg2 Be7 5. Nf3 O-O 6. O-O dxc4 7. Qc2 a6 8. Qxc4
b5 9. Qc2 Bb7 10. Bd2 Bd6 11. a3 Be4 12. Qc1 Nbd7 13. Ba5 Rc8 14. Nbd2 Ba8 15.
b4 Qe7 16. Ra2 e5 17. dxe5 Nxe5 18. Nxe5 Qxe5 19. Bxa8 Rxa8 20. Nf3 Qe7 21. Rc2
Rac8 22. Nd4 Qd7 23. Qg5 Rfe8 24. Nf5 Bf8 25. Rfc1 Ne4 26. Qg4 Qe6 27. Bxc7 g6
28. Ne3 Qb3 29. Qf4 Bg7 30. Bb6 Rxc2 31. Rxc2 Qxa3 32. Rc7 Qa1+ 33. Kg2 Qf6 34.
Qxf6 Bxf6 35. Ra7 Re6 36. Nd5 Bb2 37. f3 Nf6 38. Nxf6+ Bxf6 39. Bc5 Kg7 40. e4
Bc3 1/2-1/2

[Event "Tradewise Gibraltar Chess Festival 2012 "]
[Site "?"]
[Date "2012.01.25"]
[Round "3.12"]
[White "Seyfried, Claus"]
[Black "Obiamiwe, Paul"]
[Result "1-0"]
[WhiteElo "2141"]
[BlackElo "1982"]
[PlyCount "87"]
[EventDate "2012.01.23"]

1. e4 c5 2. c3 d5 3. exd5 Qxd5 4. d4 Nf6 5. Nf3 Bg4 6. dxc5 Qxc5 7. h3 Bh5 8.
Be3 Qc7 9. Na3 a6 10. Nc4 Nbd7 11. g4 Bg6 12. g5 Nh5 13. Nh4 Be4 14. Rg1 Bg6
15. Qf3 e6 16. O-O-O Rd8 17. Nxg6 hxg6 18. Kb1 b5 19. Nd2 Ne5 20. Qe2 Nd3 21.
Nb3 Ndf4 22. Rxd8+ Qxd8 23. Qf3 Qd5 24. Qxd5 Nxd5 25. Bd2 Nhf4 26. c4 bxc4 27.
Bxc4 Rxh3 28. Bxa6 Bd6 29. Nd4 Rh2 30. Rc1 Rxf2 31. Bb5+ Ke7 32. Rc8 f6 33. Ba5
Rg2 34. Re8+ Kf7 35. Rd8 Rg1+ 36. Kc2 Rg2+ 37. Kb3 Rg3+ 38. Ka4 Be7 39. Be8+
Kf8 40. Rc8 Bd6 41. Bxg6+ Ke7 42. Re8+ Kd7 43. Rd8+ Ke7 44. Nc6# 1-0

[Event "Tradewise Gibraltar Chess Festival 2012 "]
[Site "?"]
[Date "2012.01.25"]
[Round "3.14"]
[White "Hanley, James L"]
[Black "Suez-Panama, Gilles"]
[Result "1-0"]
[WhiteElo "2247"]
[BlackElo "2034"]
[PlyCount "71"]
[EventDate "2012.01.23"]

1. e4 e6 2. d4 d5 3. Nd2 Nf6 4. e5 Nfd7 5. Bd3 c5 6. c3 Nc6 7. Ngf3 cxd4 8.
cxd4 Qb6 9. O-O Nxd4 10. Nxd4 Qxd4 11. Nf3 Qb6 12. Qa4 Qb4 13. Qc2 Qc5 14. Qe2
Be7 15. Be3 Qa5 16. Rac1 O-O 17. a3 f6 18. Bd4 Qd8 19. exf6 Nxf6 20. Ng5 e5 21.
Bxe5 Bd6 22. Bxf6 Qxf6 23. Nxh7 Qh6 24. g3 Rd8 25. h4 Bd7 26. Ng5 Rf8 27. Bh7+
Kh8 28. Bb1 Rae8 29. Qd3 Bc6 30. b4 a6 31. Rfe1 Re4 32. Nxe4 dxe4 33. Qe3 Bf4
34. gxf4 Rxf4 35. Rxc6 bxc6 36. Bxe4 1-0

[Event "Tradewise Gibraltar Chess Festival 2012 "]
[Site "?"]
[Date "2012.01.25"]
[Round "3.15"]
[White "Byron, Alan M"]
[Black "Carlsten, Peter"]
[Result "1/2-1/2"]
[WhiteElo "2241"]
[BlackElo "2030"]
[PlyCount "73"]
[EventDate "2012.01.23"]

1. e4 d6 2. d4 Nf6 3. Nc3 e5 4. Nf3 Nbd7 5. Be2 Be7 6. O-O O-O 7. a3 c6 8. h3
Qc7 9. Be3 Re8 10. dxe5 dxe5 11. Bc4 h6 12. Qb1 Nf8 13. Qa2 Be6 14. Bxe6 Nxe6
15. Qc4 b5 16. Qe2 a5 17. Nd2 Bf8 18. a4 Nd4 19. Qd3 Red8 20. Bxd4 Rxd4 21. Qe3
bxa4 22. Rxa4 Bb4 23. Rfa1 Qd6 24. Nf3 Bxc3 25. Qxc3 Rxe4 26. Rxe4 Nxe4 27.
Qxe5 Qb4 28. b3 Nf6 29. Ra4 Qb5 30. Qc3 Nd5 31. Qe1 Nb6 32. Rg4 a4 33. Qc3 g6
34. bxa4 Rxa4 35. Rxa4 Qxa4 36. Qe3 Nd5 37. Qc5 1/2-1/2

[Event "Tradewise Gibraltar Chess Festival 2012 "]
[Site "?"]
[Date "2012.01.25"]
[Round "3.16"]
[White "Zygouris, Hristos"]
[Black "Lochte, Szilvia"]
[Result "1-0"]
[WhiteElo "2205"]
[BlackElo "1956"]
[PlyCount "85"]
[EventDate "2012.01.23"]

1. c4 g6 2. g3 Bg7 3. Bg2 e5 4. Nc3 d6 5. e4 Nc6 6. Nge2 Nge7 7. d3 O-O 8. O-O
Kh8 9. Nd5 Bg4 10. f3 Bd7 11. Bg5 h6 12. Bf6 Bxf6 13. Nxf6 Be6 14. f4 Ng8 15.
Nd5 Bg4 16. Qd2 Bxe2 17. Qxe2 Nd4 18. Qd2 c6 19. Ne3 Kg7 20. h4 Rc8 21. Kh2 Rc7
22. fxe5 dxe5 23. Qa5 b5 24. Rf2 Ne6 25. cxb5 Qxd3 26. Ng4 cxb5 27. Rd2 Qc4 28.
Nxe5 Qa4 29. Qxa4 bxa4 30. a3 Nf6 31. Rf1 Rc5 32. Nd7 Nxd7 33. Rxd7 Rc7 34.
Rfd1 Rfc8 35. Bh3 Rc2+ 36. Kg1 Kf6 37. e5+ Kxe5 38. Rxf7 Re2 39. Bg4 Re3 40.
Kf2 Re4 41. Bf3 Rc2+ 42. Kf1 Re3 43. Rd5# 1-0

[Event "Tradewise Gibraltar Chess Festival 2012 "]
[Site "?"]
[Date "2012.01.25"]
[Round "3.17"]
[White "Marder, Simon"]
[Black "Agrest, Inna"]
[Result "1/2-1/2"]
[WhiteElo "2032"]
[BlackElo "2189"]
[PlyCount "89"]
[EventDate "2012.01.23"]

1. d4 Nf6 2. Bg5 c5 3. d5 Qb6 4. Nc3 d6 5. e4 Nbd7 6. Rb1 g6 7. Qd2 h6 8. Bf4
Bg7 9. f3 a6 10. g4 Qc7 11. a4 Ne5 12. Bxe5 dxe5 13. h4 Bd7 14. Ra1 Rd8 15. Bc4
Qa5 16. Ra2 e6 17. Nge2 exd5 18. Nxd5 Qxd2+ 19. Kxd2 b5 20. axb5 axb5 21. Nxf6+
Bxf6 22. Bd5 Be6 23. c4 O-O 24. Kc3 Bxd5 25. cxd5 Ra8 26. Rha1 Rxa2 27. Rxa2
Bxh4 28. Ra6 Rb8 29. Kc2 c4 30. Rc6 Kf8 31. b3 cxb3+ 32. Kxb3 Ke8 33. Nc1 Bf2
34. Nd3 Bd4 35. Nb4 Rb6 36. Rc7 Rf6 37. Nc6 h5 38. gxh5 gxh5 39. Kb4 h4 40.
Rc8+ Kd7 41. Rh8 Rxf3 42. Rxh4 Kc7 43. Kxb5 Bb2 44. Rh5 Kd6 45. Nd8 1/2-1/2

[Event "Tradewise Gibraltar Chess Festival 2012 "]
[Site "?"]
[Date "2012.01.25"]
[Round "3.19"]
[White "Campos Calvo-Sotelo, Juan"]
[Black "Vanparys, Philip"]
[Result "0-1"]
[WhiteElo "2028"]
[BlackElo "2174"]
[PlyCount "88"]
[EventDate "2012.01.23"]

1. b4 b6 2. e3 Bb7 3. Nf3 e6 4. Bb2 Nf6 5. a3 c5 6. bxc5 bxc5 7. c4 Nc6 8. Nc3
Be7 9. Be2 O-O 10. O-O d5 11. d4 dxc4 12. Bxc4 cxd4 13. exd4 Rc8 14. Ba2 Qa5
15. d5 Nb8 16. dxe6 Rxc3 17. exf7+ Kh8 18. Qe1 Ne4 19. Rc1 Rxa3 20. Bb1 Qxe1
21. Rfxe1 Rb3 22. Bd4 Ba3 23. Rc7 Nd6 24. Ba2 Rd3 25. Be5 Bxf3 26. gxf3 Nf5 27.
Bb1 Rxf3 28. Rxa7 Bc5 29. Ra2 Nd7 30. Bxf5 Rxf5 31. Bg3 R5xf7 32. Kg2 h5 33.
Re6 Kh7 34. h4 Nf6 35. f4 Rd8 36. Rc2 Ba7 37. Rec6 Nd5 38. Kf3 Bb8 39. Rc8 Rxc8
40. Rxc8 Bxf4 41. Bxf4 Rxf4+ 42. Kg3 Rg4+ 43. Kf3 Ne7 44. Re8 Ng6 0-1

[Event "Tradewise Gibraltar Chess Festival 2012 "]
[Site "?"]
[Date "2012.01.25"]
[Round "3.20"]
[White "Daoudi, Kamal"]
[Black "Reppen, Ellisiv"]
[Result "1-0"]
[WhiteElo "2165"]
[BlackElo "1948"]
[PlyCount "131"]
[EventDate "2012.01.23"]

1. e4 e5 2. Nf3 Nc6 3. Bb5 a6 4. Ba4 Nf6 5. O-O b5 6. Bb3 Be7 7. Re1 d6 8. h3
Na5 9. c3 Nxb3 10. axb3 Bb7 11. d3 O-O 12. b4 Qd7 13. Nbd2 Rad8 14. Nf1 Rfe8
15. Ng3 h6 16. Nf5 Bf8 17. Nh2 Kh7 18. Qf3 Re6 19. g4 d5 20. g5 dxe4 21. dxe4
Bxe4 22. Rxe4 Qd1+ 23. Kg2 Qxf3+ 24. Kxf3 Nxe4 25. Kxe4 hxg5 26. Bxg5 f6 27.
Bc1 g6 28. Ne3 f5+ 29. Kf3 e4+ 30. Ke2 Be7 31. Nc2 c5 32. bxc5 Bxc5 33. Be3
Bxe3 34. fxe3 Kg7 35. Nd4 Red6 36. Rg1 Kf6 37. Kf2 Rh8 38. Kg3 Ke5 39. Rd1 Rb6
40. Rf1 a5 41. h4 b4 42. Ra1 bxc3 43. Rxa5+ Kf6 44. bxc3 Rc8 45. Ne2 Rd6 46.
Nf1 Rc7 47. Ra4 Rd1 48. Ra6+ Kf7 49. Kf2 Rd8 50. Nfg3 Rh8 51. h5 g5 52. Nxf5
Rxh5 53. Nd6+ Kg8 54. Nxe4 Rh2+ 55. Ke1 Rb7 56. N4g3 Rb5 57. Kd2 Kf7 58. c4
Rb2+ 59. Kd3 Rb3+ 60. Nc3 Rh3 61. Nge4 g4 62. Ng5+ Kg7 63. Nxh3 gxh3 64. Ra2
Rb7 65. Rh2 Rd7+ 66. Nd5 1-0

[Event "Tradewise Gibraltar Chess Festival 2012 "]
[Site "?"]
[Date "2012.01.25"]
[Round "3.23"]
[White "Kandic, Milan"]
[Black "Chidi, Lovinia Sylvia"]
[Result "1-0"]
[WhiteElo "2131"]
[BlackElo "1821"]
[PlyCount "69"]
[EventDate "2012.01.23"]

1. d4 d5 2. Nf3 Nf6 3. Bf4 e6 4. e3 c5 5. h3 Nc6 6. Ne5 Qb6 7. b3 cxd4 8. Nxc6
bxc6 9. exd4 a5 10. a3 c5 11. Be3 cxd4 12. Bxd4 Bc5 13. Bxc5 Qxc5 14. Nd2 O-O
15. Be2 Ne4 16. Nxe4 dxe4 17. O-O Bb7 18. c4 Rfd8 19. Qc1 g6 20. Re1 Rd7 21.
Qe3 Qc7 22. Red1 Rad8 23. Rxd7 Rxd7 24. b4 f5 25. g3 e5 26. c5 Kg7 27. Qc3 Kh6
28. Rc1 Qc6 29. b5 Qf6 30. c6 Rc7 31. Qd2+ e3 32. Qxe3+ f4 33. Qf3 Bc8 34. b6
Bxh3 35. bxc7 1-0

[Event "Tradewise Gibraltar Chess Festival 2012 "]
[Site "?"]
[Date "2012.01.25"]
[Round "3.24"]
[White "Hamer, Martyn"]
[Black "Osuna Vega, Enrique"]
[Result "0-1"]
[WhiteElo "2010"]
[BlackElo "2122"]
[PlyCount "108"]
[EventDate "2012.01.23"]

1. e4 d6 2. d4 Nf6 3. Nc3 Nbd7 4. Nf3 e5 5. Bc4 Be7 6. O-O O-O 7. dxe5 dxe5 8.
Qe2 c6 9. a4 a5 10. Rd1 Qc7 11. Ng5 Nb6 12. Bb3 h6 13. Nf3 Bg4 14. h3 Bc8 15.
Nh2 Nbd7 16. Be3 Nc5 17. Bxc5 Bxc5 18. Rd2 Bd7 19. Rad1 Rad8 20. Nf1 Bb4 21.
Rd3 Bc8 22. Ng3 b6 23. Rxd8 Rxd8 24. Nb1 Rxd1+ 25. Qxd1 Qd6 26. Qxd6 Bxd6 27.
Nd2 g6 28. Kf1 Kf8 29. Ne2 Nd7 30. Bc4 Nc5 31. b3 Bd7 32. Nc3 Ne6 33. Ke2 Nf4+
34. Kf3 Bb4 35. Ndb1 f5 36. h4 Ke7 37. g3 Ne6 38. Bd3 f4 39. Ne2 fxg3 40. fxg3
h5 41. c3 Bc5 42. Nd2 Bd6 43. Nc4 Bc7 44. b4 axb4 45. cxb4 Kd8 46. Ke3 Kc8 47.
Kd2 Kb7 48. Kc3 c5 49. b5 Nd4 50. Ne3 Be6 51. Nd5 Bxd5 52. exd5 e4 53. d6 exd3
54. Nf4 Ne2+ 0-1

[Event "Tradewise Gibraltar Chess Festival 2012 "]
[Site "?"]
[Date "2012.01.25"]
[Round "3.26"]
[White "Johnsen, Kjell Magne"]
[Black "Jameson, David"]
[Result "1/2-1/2"]
[WhiteElo "1950"]
[BlackElo "2077"]
[PlyCount "112"]
[EventDate "2012.01.23"]

1. d4 Nf6 2. c4 e6 3. Nf3 b6 4. g3 Bb7 5. Bg2 Be7 6. Nc3 O-O 7. O-O Ne4 8. Bd2
d6 9. d5 Nxc3 10. Bxc3 e5 11. e4 Nd7 12. Ne1 Re8 13. Nd3 Bf6 14. Qc2 Re7 15.
Bd2 Qf8 16. Rfe1 g6 17. b4 Ba6 18. a4 Bg7 19. a5 f5 20. f3 b5 21. c5 Nf6 22.
Nf2 Rae8 23. cxd6 cxd6 24. Qc6 Bb7 25. Qxb5 Rb8 26. Qd3 Rf7 27. Rf1 Bc8 28. b5
Rfb7 29. Rfb1 Bd7 30. b6 axb6 31. axb6 Rxb6 32. Be3 R6b7 33. Rxb7 Rxb7 34. Rb1
Qb8 35. Rxb7 Qxb7 36. Bf1 Kf7 37. Qa6 Qxa6 38. Bxa6 Ba4 39. Bd3 Bd7 40. Bd2 Ke7
41. Kf1 h6 42. Nd1 g5 43. Nc3 fxe4 44. fxe4 Bh3+ 45. Kg1 Bf8 46. Bf1 Bd7 47.
Bd3 Kf7 48. Nd1 Be7 49. Ne3 Bd8 50. Kg2 Bb6 51. Nc4 Bc5 52. Ne3 g4 53. Nc4 Kg6
54. Be3 Bxe3 55. Nxe3 h5 56. Nc4 Ne8 1/2-1/2